Celebrities in Disney Style Picture #6 - Statistics

General Stats
  • This quiz has been taken 48 times
  • The average score is 9 of 20
Answer Stats
Picture Answer % Correct
Hugh Jackman
84%
Justin Timberlake
73%
2Pac
71%
Anne Hathaway
64%
Andrew Garfield
62%
Harrison Ford
60%
Kevin Hart
60%
Adam Driver
58%
Celine Dion
58%
Cher
56%
George Michael
44%
Travis Scott
40%
Cate Blanchett
36%
Cillian Murphy
29%
Frank Sinatra
29%
Robert Pattinson
27%
Anna Kendrick
24%
Jungkook
20%
Barbra Streisand
13%
Elizabeth Olsen
11%
No matching quizzes found
Score Distribution
Percent of People with Each Score
Percentile by Number Answered
Your Score History
You have not taken this quiz